000 00691nam a2200193Ii 4500
003 JO-AjNU
008 230605s9999||||xx |||||||||||||| ||und||
040 _aJO-AjNU
_bara
_erda
_cJO-AjNU
041 _aara
050 1 4 _aQB301 .K52
100 3 _aالخليل ، عمر محمد,
_eauthor
_916416
245 0 0 _aمقدمة الى نظام التوقيع الكوني GOS
264 3 1 _aعمان ،دمشق :دار التواصل العربي ،مؤسسة الوراق
300 _a220ص
336 _atext
_btxt
_2rdacontent
337 _aunmediated
_bn
_2rdamedia
338 _avolume
_bnc
_2rdacarrier
650 4 _aالجغرافيا-معالجة البيانات الكترونيا
_916417
999 _aA4858
_c8426
_d8426